MARC

LEADER 00000nam0a2200000 4500
001 94238
005 20231031105550.0
035 |a (RuTPU)RU\TPU\book\100931 
090 |a 94238 
100 |a 20060410d1986 km y0rusy50 ca 
101 0 |a rus 
102 |a RU 
105 |a y a 001zy 
200 1 |a Правила составления библиографического описания  |e Ч. 1 : Книги и сериальные издания  |f Межведомственная каталогизационная комиссия при Государственной библиотеке СССР им. В. И. Ленина; гл. ред. Н. П. Игумнова 
210 |a Москва  |c Книга  |d 1986 
215 |a 528 с. 
320 |a Предм. указ.: с. 481 - 521 
610 1 |a библиографические издания 
610 1 |a книги 
610 1 |a сериальные издания 
610 1 |a библиографическое описание 
610 1 |a методические рекомендации 
686 |a Ч736.23  |v LBC/SL-A  |2 rubbk 
702 1 |a Игумнова  |b Н. П.  |4 651 
712 0 2 |a Межведомственная каталогизационная комиссия при Государственной библиотеке СССР им. В. И. Ленина 
801 1 |a RU  |b 63413507  |c 20060410  |g PSBO 
801 2 |a RU  |b 63413507  |c 20210415  |g PSBO 
942 |c BK